| 000 | 01062nam0a22002771 4500 | ||
|---|---|---|---|
| 001 | rc\4107464 | ||
| 005 | 20260406030159.0 | ||
| 021 |
_aRU _b[54-20874] |
||
| 035 | _a(NLR Aleph) 007977068 | ||
| 090 |
_a8496131 _c8496131 |
||
| 100 | _a20130415d1954 |||y0rusy50 ca | ||
| 101 | 1 |
_arus _cbak |
|
| 102 | _aRU | ||
| 105 | _ay z ||||| | ||
| 200 | 1 |
_aЛирика _eПер. с башк. |
|
| 210 |
_a[Москва] _cМол. гвардия _d1954 |
||
| 215 |
_a103 с. _d17 |
||
| 327 | 0 | _aЦиклы: В родном краю; На наших улицах; Слова любви; В окопах; Думы; Мать: Лирическая поэма | |
| 464 | 0 |
_12001#$aВ родном краю$aНа наших улицах$aСлова любви$aВ окопах$aДумы$aМать$eЛирическая поэма _tМать |
|
| 700 | 1 |
_8rus _7ca _aНаджми _bН. _f1918-1999 _gНазар _3RU\NLR\AUTH\77508 _9110557 |
|
| 801 | 0 |
_aRU _bNLR _gpsbo |
|
| 801 | 1 |
_aRU _bELAR _2rusmarc |
|
| 852 |
_aNLR _jЛ40 Г-1/976 |
||
| 942 | _cBOOK | ||
| 980 | _aNB | ||